| 000 | 004930000a22001930004500 | ||
|---|---|---|---|
| 003 | LK-CoMWRAF | ||
| 005 | 20231230125505.0 | ||
| 008 | 230817t ||||| |||| 00| 0 eng d | ||
| 020 | _a9558095745 | ||
| 040 |
_aLK-CoMWRAF _dLK-CoMWRAF _eLK-CoMWRAF |
||
| 041 | _aeng | ||
| 082 |
_a823 _bSIL |
||
| 100 | _aSilva, Nihal De | ||
| 245 | _aThe Far spent day | ||
| 260 |
_aColombo 04 (Sri Lanka) : _bVijitha yapa, _c2004 |
||
| 300 | _a301p | ||
| 650 | _aEnglish Fiction--Sri Lanka | ||
| 942 | _cBK | ||
| 999 |
_c1342 _d1342 |
||